00541nam a22001937a 450000500170000000600190001700700030003600800410003901000220008002000200010203500130012203700130013508200080014810000160015624500720017226000260024427000420027030000350031220181204162947.0a|||||f|||| 00| 0 tc180720b xxu||||| |||| 00| 0 eng d aB-348029-B-348032 c205.00(per set) aB-348029 bA.I.C.B. a880 aSood, Vinay aLiving Literature an Anthology of Prose and Poetry cby Vinay Sood aDelhibA.C.I.B.cN.D. aSector-5, Rohini, bNew Delhie110085 a2V., various pages.c30cm(HB).